| 000 | 00574nam a2200205Ia 4500 | ||
|---|---|---|---|
| 005 | 20250923150009.0 | ||
| 008 | 008 250917s9999 xx 000 0 eng d | ||
| 037 | _aTextual | ||
| 040 |
_aDSWL _beng _cDSWL |
||
| 041 |
_aeng _2eng |
||
| 084 |
_aS1-68.2, N98 _qDSWL |
||
| 100 |
_aHaider, S.Iskliag _9841124 |
||
| 245 | 0 |
_aVisually Handicapped children _c by S.Iskliag Haider |
|
| 260 |
_aJaipur _bRawat Publication _c1998 |
||
| 300 | _a184 p. | ||
| 365 |
_aINR _b230.00 |
||
| 925 | _g230.00 | ||
| 942 |
_cTEXL _hS1-68.2, N98 |
||
| 999 |
_c1458315 _d1458315 |
||